Представление документа в формате MARC21

Поле Инд. ПП Название Значение
Тип записи a
Библиографический уровень m
001 Контрольный номер b77b4a6a5d7244adbe0ba675f095b712
005 Дата корректировки 20250825131137.4
040 b Код языка каталог. rus
e Правила каталог. PSBO
041 0_ a Код языка текста rus
080 a Индекс УДК 93/94
084 a Индекс другой классификации/Индекс ББК Т3(2)622
090 x Авторский знак Д 69
a Полочн. индекс Т
097 b Оператор *Ст*
b Оператор *Вин*
245 10 a Заглавие Дорогами войны
b Продолж. заглавия воспоминания участников Великой Отечественной войны
260 a Место издания Саратов
c Дата издания 1970
b Издательство Приволжское книжное издательство
300 a Объем 247 с.
516 8_ a Прим. о типе комп. файла/ данных Текст : непосредственный
653 0_ a Ключевые слова Великая Отечественная война
a Ключевые слова Воспоминания
655 07 a Жанр/ форма (устаревшее) *Н*
901 t Тип документа m
905 b Дата создания записи обработка 22.08.25
952 e Факультет *ФУСК*
952 a Тип литературы для КСУ ВШ *Н*
990 f Даты поступлений (DOS) 23.05.25
g Размещение заказа (DOS) пожертвование от читателей
h N записи в КСУ для Б/У (DOS) 53/2025
j Количество экземпляров (DOS) 1